Kadra Szwajcarii na mundial 2022 - Statystyki

Ogólne statystyki
  • Ten quiz został rozwiązany 49 razy
  • Średni wynik to 13 z 26
Statystyki odpowiedzi
Pozycja Zawodnik % Poprawnych
Bramkarz Yann Sommer
97%
Napastnik Breel Embolo
88%
Pomocnik Xherdan Shaqiri
88%
Pomocnik Granit Xhaka
84%
Obrońca Manuel Akanji
78%
Obrońca Ricardo Rodríguez
78%
Bramkarz Gregor Kobel
75%
Napastnik Haris Seferovic
69%
Pomocnik Denis Zakaria
63%
Obrońca Fabian Schar
63%
Pomocnik Remo Freuler
56%
Napastnik Ruben Vargas
53%
Obrońca Edimilson Fernandes
47%
Obrońca Silvan Widmer
47%
Obrońca Nico Elvedi
44%
Napastnik Djibril Sow
41%
Pomocnik Noah Okafor
31%
Napastnik Christian Fassnacht
25%
Obrońca Eray Comert
25%
Pomocnik Michel Aebischer
25%
Pomocnik Renato Steffen
25%
Pomocnik Fabian Frei
22%
Bramkarz Jonas Omlin
22%
Pomocnik Fabian Rieder
19%
Bramkarz Philipp Kohn
19%
Pomocnik Ardon Jashari
9%
Nie znaleziono quizów pasujących do podanych kryteriów
Rozkład punktacji
Procent ludzi z każdym wynikiem
Percentyl według liczby udzielonych odpowiedzi
Twoja historia wyników
Nie rozwiązałeś tego quizu